| 000 | 00569nam a2200181Ia 4500 | ||
|---|---|---|---|
| 008 | 151018s9999 xx 000 0 und d | ||
| 082 |
_bRBASDV43284 _a920 |
||
| 100 | _aओम प्रकाश प्रसाद | ||
| 245 | _aऔरंगजेब | ||
| 250 | _b1 | ||
| 260 |
_bखुदाबख्श ओरीयंटल _c2006 |
||
| 300 | _a94 | ||
| 600 | _aओम प्रकाश प्रसाद | ||
| 630 | _aऔरंगजेब | ||
| 700 | _aओम प्रकाश प्रसाद | ||
| 730 | _aऔरंगजेब | ||
| 942 | _cBOOK | ||
| 999 |
_c1042498 _d1042495 |
||